[Event "NATO-ch 33rd"]
[Site "Portoroz"]
[Date "2023.09.05"]
[Round "3"]
[White "Pedersen, Jacob Bang"]
[Black "Sauer, Marko"]
[Result "0-1"]
[WhiteElo "2143"]
[BlackElo "2014"]
[PlyCount "70"]
[EventDate "2023.09.04"]
[EventType "swiss"]
[EventRounds "7"]
[EventCountry "SLO"]
[SourceTitle "CBM 216 Extra"]
[Source "ChessBase"]
[SourceDate "2023.11.30"]
[SourceVersion "1"]
[SourceVersionDate "2023.11.30"]
[SourceQuality "1"]

1. d4 d5 2. c4 e6 3. Nc3 c6 4. cxd5 exd5 5. Nf3 Bf5 6. Bf4 Qb6 7. Qc1 Nd7 8. e3 Ngf6 9. Be2 Be7 10. 0-0 h6 11. Ne5 0-0 12. g4 Bh7 13. h4 Nxe5 14. Bxe5 Nd7 15. Bg3 Qd8 16. h5 f5 17. Kg2 Nf6 18. f3 Qd7 19. Bh4 Rae8 20. g5 hxg5 21. Bxg5 Nxh5 22. f4 Nf6 23. Rh1 Ng4 24. Rh3 Bg6 25. Bxe7 Rxe7 26. Bxg4 fxg4 27. Rg3 Bf5 28. Qd2 Rf6 29. Rh1 Rh6 30. Qe1 Ree6 31. Kf2 Qe8 32. Rgg1 Reg6 33. Kg3 Be4 34. Nxe4 Qxe4 35. Rg2 Qf3# 0-1

[Event "NATO-ch 33rd"]
[Site "Portoroz"]
[Date "2023.09.05"]
[Round "2"]
[White "Violini, Paolo"]
[Black "Pedersen, Jacob Bang"]
[Result "1/2-1/2"]
[WhiteElo "1941"]
[BlackElo "2143"]
[PlyCount "145"]
[EventDate "2023.09.04"]
[EventType "swiss"]
[EventRounds "7"]
[EventCountry "SLO"]
[SourceTitle "CBM 216 Extra"]
[Source "ChessBase"]
[SourceDate "2023.11.30"]
[SourceVersion "1"]
[SourceVersionDate "2023.11.30"]
[SourceQuality "1"]

1. e4 c6 2. d4 d5 3. exd5 cxd5 4. c4 Nf6 5. Nc3 e6 6. Nf3 Be7 7. Bd3 0-0 8. c5 b6 9. b4 a5 10. Na4 axb4 11. Nxb6 Ra7 12. 0-0 Nc6 13. Bb5 Bb7 14. Bxc6 Bxc6 15. Bd2 Rb7 16. Qb3 Bb5 17. Rfe1 Rxb6 18. cxb6 Qxb6 19. Rab1 Bc4 20. Qa4 Rb8 21. Bxb4 Bxa2 22. Qxa2 Bxb4 23. Rb3 Qd8 24. Reb1 Ra8 25. Qb2 Bd6 26. Rb7 h6 27. Ne5 Bxe5 28. dxe5 Nd7 29. f4 Nc5 30. Rb8 Rxb8 31. Qxb8 Qxb8 32. Rxb8+ Kh7 33. Kf2 g5 34. g3 Kg7 35. Kf3 Nd7 36. Rb5 Kg6 37. Rb7 Nc5 38. Rb8 Kg7 39. Ke3 Ne4 40. Rb4 Kg6 41. Kf3 Nd2+ 42. Ke3 Nf1+ 43. Kf2 Nxh2 44. Rb8 Kg7 45. Rb1 g4 46. Rh1 Nf3 47. Rh5 Kg6 48. Rh1 Nd2 49. Ke3 Ne4 50. Rg1 Nc3 51. Kd3 Ne4 52. Ke3 Kf5 53. Rh1 Kg6 54. Rg1 h5 55. Rg2 Kf5 56. Rg1 Kg6 57. Rg2 Kf5 58. Rg1 f6 59. exf6 Kxf6 60. Rg2 Kf5 61. Rg1 e5 62. fxe5 Kxe5 63. Rg2 d4+ 64. Kd3 Kd5 65. Rg1 Nc5+ 66. Kd2 Ke4 67. Rh1 Kf3 68. Rxh5 Ne4+ 69. Kd3 Nxg3 70. Rd5 Ne2 71. Rf5+ Nf4+ 72. Kxd4 g3 73. Ke5 1/2-1/2

[Event "Aarhus-ch"]
[Site "Aarhus"]
[Date "2001.03.15"]
[Round "2"]
[White "Pedersen, Bjarne"]
[Black "Pedersen, Jacob Bang"]
[Result "1/2-1/2"]
[WhiteElo "2147"]
[BlackElo "2184"]
[PlyCount "27"]
[EventDate "2001.??.??"]
[EventType "tourn"]
[EventRounds "5"]
[EventCountry "DEN"]
[EventCategory "1"]
[SourceTitle "EXT 2002"]
[Source "ChessBase"]
[SourceDate "2001.11.25"]
[SourceVersion "1"]
[SourceVersionDate "2001.11.25"]
[SourceQuality "1"]

1. d4 Nf6 2. c4 e6 3. Nc3 Bb4 4. Qb3 c5 5. e3 0-0 6. Bd3 d5 7. dxc5 Na6 8. Bb1 Ba5 9. cxd5 Qxd5 10. Qxd5 Nxd5 11. Nge2 Nxc3 12. Nxc3 Bxc3+ 13. bxc3 Nxc5 14. Ba3 1/2-1/2

[Event "NATO-ch 10th"]
[Site "Stetten"]
[Date "1999.09.17"]
[Round "7.12"]
[White "Goerke, Tino"]
[Black "Pedersen, Jacob Bang"]
[Result "0-1"]
[WhiteElo "2110"]
[BlackElo "2160"]
[PlyCount "61"]
[EventDate "1999.09.13"]
[EventType "swiss"]
[EventRounds "7"]
[EventCountry "GER"]
[SourceTitle "EXT 2008"]
[Source "ChessBase"]
[SourceDate "2007.11.25"]
[SourceVersion "1"]
[SourceVersionDate "2007.11.25"]
[SourceQuality "1"]

1. d4 Nf6 2. Nf3 e6 3. c4 b6 4. Nc3 Bb7 5. Bg5 Be7 6. e3 0-0 7. Bd3 d5 8. 0-0 Nbd7 9. cxd5 exd5 10. Rc1 c5 11. h3 Ne4 12. Bf4 f5 13. dxc5 bxc5 14. Nb5 g5 15. Bc7 Qe8 16. Bh2 Qg6 17. Nc7 g4 18. hxg4 fxg4 19. Nd2 Nxf2 20. Bxg6 Nxd1 21. Rcxd1 hxg6 22. Nxa8 Bxa8 23. Bf4 Re8 24. Rfe1 Bf6 25. Nc4 Re6 26. Na5 Bc6 27. e4 d4 28. e5 Bh4 29. Re2 Bd5 30. Nb3 Be7 31. Rde1 0-1

[Event "NATO-ch 10th"]
[Site "Stetten"]
[Date "1999.09.14"]
[Round "2.10"]
[White "Geberl, Hans Walter"]
[Black "Pedersen, Jacob Bang"]
[Result "0-1"]
[WhiteElo "2124"]
[BlackElo "2160"]
[PlyCount "77"]
[EventDate "1999.09.13"]
[EventType "swiss"]
[EventRounds "7"]
[EventCountry "GER"]
[SourceTitle "EXT 2008"]
[Source "ChessBase"]
[SourceDate "2007.11.25"]
[SourceVersion "1"]
[SourceVersionDate "2007.11.25"]
[SourceQuality "1"]

1. e4 c6 2. d4 d5 3. e5 Bf5 4. Nf3 e6 5. Be2 Nd7 6. 0-0 c5 7. c4 dxc4 8. Bxc4 Ne7 9. Nc3 Nb6 10. Bb5+ Nc6 11. Be3 c4 12. d5 Nxd5 13. Nd4 Nxc3 14. bxc3 Be4 15. Qg4 Bd5 16. Nxc6 bxc6 17. Bxc4 h5 18. Qe2 Qc7 19. Bxd5 cxd5 20. Qb5+ Qd7 21. c4 Qxb5 22. cxb5 Bb4 23. Bd4 Kd7 24. a4 Ba5 25. Rfc1 Rhc8 26. Kf1 Bb6 27. Bb2 Rxc1+ 28. Rxc1 Rc8 29. Ke2 Rxc1 30. Bxc1 Kc8 31. Ba3 Kb7 32. Bb2 a6 33. Bc3 Bc7 34. Bd4 Bb6 35. Bc3 Bc5 36. Ba5 Bd4 37. f4 Bc5 38. bxa6+ Kxa6 39. Bb4 0-1

[Event "Pardubice KB op"]
[Site "Pardubice"]
[Date "1997.07.21"]
[Round "5"]
[White "Vokarev, Sergey"]
[Black "Pedersen, Jacob Bang"]
[Result "1/2-1/2"]
[WhiteElo "2535"]
[BlackElo "2175"]
[PlyCount "53"]
[EventDate "1997.07.17"]
[EventType "swiss"]
[EventRounds "9"]
[EventCountry "CZE"]
[SourceTitle "CBM 059 Extra"]
[Source "ChessBase"]
[SourceDate "1997.09.26"]
[SourceVersion "1"]
[SourceVersionDate "1997.09.26"]
[SourceQuality "1"]

1. e4 g6 2. d4 Bg7 3. Nc3 Nc6 4. Be3 d5 5. e5 Nh6 6. f4 Ng4 7. Qd2 Bf5 8. Bd3 Bxd3 9. cxd3 f6 10. Nf3 fxe5 11. fxe5 Nxe3 12. Qxe3 e6 13. 0-0 0-0 14. Ne2 Qe7 15. a3 Nd8 16. g4 b6 17. Rac1 Nf7 18. g5 c5 19. h4 Rac8 20. Nf4 cxd4 21. Nxd4 Bxe5 22. Nc6 Qd6 23. Nxe5 Rxc1 24. Rxc1 Nxe5 25. Rf1 Rf5 26. Kg2 Kf7 27. Re1 1/2-1/2

[Event "Pardubice KB op"]
[Site "Pardubice"]
[Date "1997.07.20"]
[Round "4"]
[White "Pedersen, Jacob Bang"]
[Black "Yemelin, Vasily"]
[Result "1/2-1/2"]
[WhiteElo "2175"]
[BlackElo "2480"]
[PlyCount "43"]
[EventDate "1997.07.17"]
[EventType "swiss"]
[EventRounds "9"]
[EventCountry "CZE"]
[SourceTitle "CBM 059 Extra"]
[Source "ChessBase"]
[SourceDate "1997.09.26"]
[SourceVersion "1"]
[SourceVersionDate "1997.09.26"]
[SourceQuality "1"]

1. e4 c5 2. Nf3 e6 3. d3 d5 4. Nbd2 Nc6 5. g3 Nf6 6. Bg2 Be7 7. 0-0 Qc7 8. Re1 b6 9. Qe2 Bb7 10. e5 Nd7 11. Nf1 0-0 12. h4 Rae8 13. Bf4 Qb8 14. c4 d4 15. N1h2 Bd8 16. Ng5 h6 17. Nh3 Bc7 18. Qh5 f6 19. Ng4 Ncxe5 20. Bxe5 Nxe5 21. Rxe5 Bxe5 22. Nxh6+ 1/2-1/2

[Event "NATO-ch"]
[Site "Gausdal"]
[Date "1995.??.??"]
[Round "3"]
[White "Pedersen, Jacob Bang"]
[Black "Parnet, Arnaud"]
[Result "1/2-1/2"]
[WhiteElo "2205"]
[BlackElo "1890"]
[PlyCount "68"]
[EventDate "1995.08.??"]
[EventType "swiss"]
[EventRounds "9"]
[EventCountry "NOR"]
[SourceTitle "EXT 2008"]
[Source "ChessBase"]
[SourceDate "2007.11.25"]
[SourceVersion "1"]
[SourceVersionDate "2007.11.25"]
[SourceQuality "1"]

1. d4 Nf6 2. c4 e6 3. Nc3 Bb4 4. g3 c5 5. d5 exd5 6. cxd5 d6 7. Bg2 0-0 8. Bg5 h6 9. Bd2 Nbd7 10. Nh3 Re8 11. 0-0 Ne5 12. a3 Ba5 13. f3 Nc4 14. Rb1 Nxd5 15. Nxd5 Nxd2 16. b4 Nxf1 17. Bxf1 cxb4 18. axb4 Bb6+ 19. Kg2 Bxh3+ 20. Kxh3 Rc8 21. e4 Re5 22. Bd3 Rh5+ 23. Kg2 Qd7 24. g4 Re5 25. f4 Ree8 26. h4 Bd8 27. g5 hxg5 28. hxg5 Qe6 29. f5 Qe5 30. Qg4 Rc3 31. Nxc3 Qxc3 32. Rd1 Qb2+ 33. Kh1 Qxb4 34. g6 Qb3 1/2-1/2